header

From surface collection to prehistoric lifeways (Record no. 23874)

MARC details
000 -LEADER
fixed length control field 02723nam a2200457 a 4500
082 04 - DEWEY DECIMAL CLASSIFICATION NUMBER
Classification number 949.9/6
245 00 - TITLE STATEMENT
Title From surface collection to prehistoric lifeways
260 ## - PUBLICATION, DISTRIBUTION, ETC. (IMPRINT)
Place of publication Oxford ;
-- Oakville :
Name of publisher Oxbow Books,
Year of publication c2010.
300 ## - PHYSICAL DESCRIPTION
Number of Pages viii, 172 p., [8] p. of plates :
Other physical details ill. (some col.), maps (some col.)
505 0# - FORMATTED CONTENTS NOTE
Formatted contents note Introduction: from surface collection to past lifeways / John Chapman and Bisserka Gaydarska -- The site of Orlovo in its local and regional context / John Chapman, Bisserka Gaydarka, and Ruslan Kostov -- The fired clay figurines / Bisserka Gaydarska and Ana Raduntcheva -- The ornaments / John Chapman and Ruslan Kostov -- The polished stone tools / Bisserka Gaydarska and Ruslan Kostov -- Interpreting the site and the objects / John Chapman, Bisserka Gaydarska, and Ana Raduntcheva -- Conclusions / John Chapman and Bisserka Gaydarska -- Appendix 1: catalogue of finds / Bisserka Gaydarska -- Appendix 2: other finds / Ana Raduntcheva and John Chapman.
650 #0 - SUBJECT ADDED ENTRY--TOPICAL TERM
Topical Term Antiquities, Prehistoric
Topical Term Material culture
Topical Term Prehistoric peoples
Topical Term Community life
Topical Term Social archaeology
Topical Term Neolithic period
Topical Term Copper age
700 1# - ADDED ENTRY--PERSONAL NAME
Personal name Chapman, John,
Personal name Gaydarska, Bisserka.
856 40 - ELECTRONIC LOCATION AND ACCESS
Uniform Resource Identifier http://site.ebrary.com/lib/rucke/Doc?id=10695231

No items available.

© 2026 Rongo University
Contact us: librarian | system librarian | Rongo university